Chemistry for today : general, organic, and biochemistry / Spencer L. Seager, Michael R. Slabaugh, Maren S. Hansen. (Record no. 20197)

000 -LEADER
fixed length control field 00603nam a22001697a 4500
020 ## - INTERNATIONAL STANDARD BOOK NUMBER
ISBN 9789815059694
082 ## - DEWEY DECIMAL CLASSIFICATION NUMBER
Classification number 540
Item number Se4384 2022
100 ## - MAIN ENTRY--AUTHOR NAME
Personal name Seager, Spencer L., author.
245 ## - TITLE STATEMENT
Title Chemistry for today : general, organic, and biochemistry / Spencer L. Seager, Michael R. Slabaugh, Maren S. Hansen.
260 ## - PUBLICATION, DISTRIBUTION, ETC. (IMPRINT)
Place of publication Singapore :
Name of publisher Cengage Learning Asia,
Year of publication ©2022.
300 ## - PHYSICAL DESCRIPTION
Number of Pages xxiv, 810, A-1, B-50, C-22, G-12, I-13 pages :
Other physical details illustrations ; 26 cm.
500 ## - GENERAL NOTE
General note Includes index.
650 ## - SUBJECT ADDED ENTRY--TOPICAL TERM
Topical Term Chemistry -- Textbooks.
700 ## - ADDED ENTRY--PERSONAL NAME
Personal name Slabaugh, Michael R.
700 ## - ADDED ENTRY--PERSONAL NAME
Personal name Hansen, Maren S.
942 ## - ADDED ENTRY ELEMENTS (KOHA)
Koha item type Books
Holdings
Source of acquisition Permanent Location Date acquired Koha item type Collection code Accession Number Lost status Shelving location Withdrawn status Current Location Full call number
SchoolCagayan State University - Carig Library2025-01-27BooksNursingN000056 Nursing Library Cagayan State University - Carig Library540 Se4384 2022
SchoolCagayan State University - Carig Library2025-01-27BooksNursingN000057 Nursing Library Cagayan State University - Carig Library540 Se4384 2022
SchoolCagayan State University - Carig Library2025-01-27BooksNursingN000058 Nursing Library Cagayan State University - Carig Library540 Se4384 2022
SchoolCagayan State University - Carig Library2025-01-27BooksNursingN000059 Nursing Library Cagayan State University - Carig Library540 Se4384 2022
SchoolCagayan State University - Carig Library2025-01-27BooksNursingN000060 Nursing Library Cagayan State University - Carig Library540 Se4384 2022

Cagayan State University University Library, Carig Campus
Tuguegarao City, Cagayan 3500 | www.csucarig.edu.ph

Powered by Koha